| 000 | 01192nam0a22002531 4500 | ||
|---|---|---|---|
| 001 | rc\935794 | ||
| 005 | 20260406200357.0 | ||
| 035 | _a(NLR Aleph) 006108639 | ||
| 090 |
_a5334967 _c5334967 |
||
| 100 | _a20041129d1982 |||y0rusy50 ca | ||
| 101 | 0 | _arus | |
| 102 | _aRU | ||
| 105 | _ay ||||||||| | ||
| 200 | 1 |
_aУПК: готовим к труду, формируем активную жизненную позицию _e[Из опыта работы учеб.-произв. комб. Сов. р-на г. Целинограда _fПодгот. В.И.Бойко] |
|
| 210 |
_aЦелиноград _cБ. и. _d1982 |
||
| 215 |
_a16 с. _d20 |
||
| 300 | _aВ надзаг.: Целиногр. обл. отд. нар. образования, Целиногр. обл. ин-т усоверш. учителей, Обл. совет Пед. о-ва | ||
| 700 | 1 |
_aБойко _bВ.И. _gВладимир Иванович |
|
| 712 | 0 | 2 |
_aЦелиноградский областной институт усовершенствования учителей _3RU\NLR\AUTH\889959868 _9415972 |
| 801 | 0 |
_aRU _bNLR _gpsbo |
|
| 801 | 1 |
_aRU _bELAR _2rusmarc |
|
| 852 |
_aNLR _j82-4/33352 |
||
| 942 | _cBOOK | ||
| 980 | _aNB | ||